| 000 | 00500nam a22001937a 4500 | ||
|---|---|---|---|
| 003 | MPLRDC | ||
| 005 | 20220104143043.0 | ||
| 008 | 210129b ||||| |||| 00| 0 eng d | ||
| 020 | _a978-986-6008-57-3 | ||
| 082 | _a191 CHN-2 | ||
| 100 | _a曹浩男 | ||
| 245 |
_a20几岁,你要学会的生存能力 _c |
||
| 250 | _a第一版 | ||
| 260 |
_a台湾 _b曼尼文化事业有限公司 _c2014 |
||
| 300 | _b214 | ||
| 490 | _a生存智慧: 17 | ||
| 650 | _a人生哲学 | ||
| 942 |
_cBK _o191 CHN-2 |
||
| 999 |
_c36172 _d36162 |
||